000 00812nam a2200253 i 4500
001 30733
003 ES-MaACL
005 20260215174935.0
007 t|
008 030127s1964 sp ||||1| spa d
080 _a308(73)"19"
080 _a316.75(73)"19"
100 1 _aBell, Daniel.
_927174
245 1 3 _aEl fin de las ideologías /
_cDaniel Bell ; [traducción de Alberto Saoner Barberis].
260 _aMadrid :
_bTecnos,
_c1964.
300 _a370 p. ;
_c24 cm.
490 1 _aCiencias sociales ;
_v38
650 _aIdeología-
_zEstados Unidos.
_9172074
651 4 _aEstados Unidos-
_xSituación social-
_y1945-1989.
_9156726
700 1 _aSaoner Barberis, Alberto
_9103707
830 0 0 _aCiencias sociales
_v38
_9177859
852 _aES-MaACL
_jC-26359
_bR.55536
999 _c30733
_d30733